000
00271nam a2200121Ia 4500
008
191201s2004 xx 000 0 und d
100
_a
NIIT
245
0
_a
Basics of Networking
260
_a
N.Delhi
_b
PHI
_c
2004
300
_a
290
650
_a
B.Tech(CSE)
942
_2
ddc
_c
BK
999
_c
2194
_d
2194